000 00832 a2200205 4500
003 Nust
005 20221121103435.0
010 _a 77367516
020 _a0333192664 :
_a0333192672
040 _cNust
082 0 0 _a621.381,LIN
100 1 _aLind, Larry Frederick.
_9103240
245 1 0 _aAnalysis and design of sequential digital systems /
_cL. F. Lind and J. C. C. Nelson.
260 _aLondon :
_bMacmillan,
_c1977.
300 _aviii, 146 p. ;
_c24 cm.
505 _aIntroduction (Page-1), Review of Combinational Logic Techniques (Page-5), Introduction to Sequential Systems (Page-29), Asynchronous Sequential Systems (Page-54), Synchronous Sequential Systems (Page-104), Partial Design Consideration (Page-132)
650 0 _aTelecom engineering.
_9103227
700 1 _aNelson, J. C. C.
_d1938-
_9103241
942 _2ddc
_cBK
999 _c181378
_d181378